[Event "LLO18/19"]
[Site "Mecklenburg-Vorpommern"]
[Date "2018.11.25"]
[Round "3.3"]
[White "Rossmann, Andreas"]
[Black "Winkler, Karl"]
[Result "1/2-1/2"]
[WhiteElo "1920"]
[BlackElo "1759"]
[PlyCount "84"]
[EventDate "2018.??.??"]
[EventType "team-tourn"]
[EventRounds "9"]
[EventCountry "GER"]
[WhiteTeam "SG Neubrandenburg"]
[BlackTeam "SG Neubrandenburg II"]
[WhiteTeamCountry "GER"]
[BlackTeamCountry "GER"]

1. Nf3 Nf6 2. c4 e6 3. Nc3 d5 4. d4 Bb4 5. a3 Bxc3+ 6. bxc3 c5 7. e3 Qa5 8. Qb3
O-O 9. Bd3 dxc4 10. Bxc4 b6 11. O-O Ba6 12. Bxa6 Qxa6 13. Ne5 Nbd7 14. Nxd7
Nxd7 15. e4 cxd4 16. cxd4 Nf6 17. Re1 Rfd8 18. e5 Nd5 19. Bd2 Rac8 20. Rac1
Rxc1 21. Rxc1 Rc8 22. Rxc8+ Qxc8 23. h3 Qa6 24. Qg3 Qb5 25. Kh2 Qb1 26. Qg5 h6
27. Qg3 Kh7 28. Qf3 Kg6 29. g4 Qc2 30. Bf4 Kh7 31. h4 Qc3 32. Qe4+ Kg8 33. a4
Nxf4 34. Qxf4 Qc4 35. g5 hxg5 36. hxg5 Qxa4 37. g6 Qe8 38. Qe4 fxg6 39. d5 exd5
40. Qxd5+ Qf7 41. Qd8+ Qf8 42. Qd5+ Qf7 1/2-1/2

[Event "LLO18/19"]
[Site "Mecklenburg-Vorpommern"]
[Date "2018.11.25"]
[Round "3.4"]
[White "Buenz, Heinrich"]
[Black "Pruesse, Horst"]
[Result "0-1"]
[WhiteElo "1632"]
[BlackElo "1936"]
[PlyCount "92"]
[EventDate "2018.??.??"]
[EventType "team-tourn"]
[EventRounds "9"]
[EventCountry "GER"]
[WhiteTeam "SG Neubrandenburg II"]
[BlackTeam "SG Neubrandenburg"]
[WhiteTeamCountry "GER"]
[BlackTeamCountry "GER"]

1. Nf3 Nc6 2. g3 e5 3. d4 e4 4. Nh4 d5 5. Nc3 a6 6. a3 Be6 7. Ng2 Qf6 8. e3 g5
9. Be2 O-O-O 10. b4 Kb8 11. h4 Bd6 12. hxg5 Qxg5 13. Rh5 Qg7 14. Kd2 Nxd4 15.
Nf4 Bxf4 16. gxf4 Nxe2 17. Bb2 Nxc3 18. Bxc3 f6 19. Bd4 Qd7 20. Qe1 Bg4 21. Rh2
h5 22. Kc3 Rh6 23. Kb3 Qc6 24. Qd2 Ne7 25. Rc1 Nf5 26. c4 Nxd4+ 27. Qxd4 dxc4+
28. Rxc4 Rxd4 29. Rxc6 Bd1+ 30. Kb2 Rd2+ 31. Kc1 bxc6 32. Kxd2 Bf3 33. Kc3 Rh7
34. Kc4 Rd7 35. Rh3 Be2+ 36. Kb3 Rd3+ 37. Kb2 Kb7 38. Rg3 Bg4 39. Rg1 Rd1 40.
Rg2 f5 41. Kc2 Ra1 42. Kb2 Rh1 43. Kc3 h4 44. Kd4 h3 45. Rxg4 fxg4 46. f5 Rf1
0-1

[Event "LLO18/19"]
[Site "Mecklenburg-Vorpommern"]
[Date "2018.11.25"]
[Round "3.5"]
[White "Baier, Karsten"]
[Black "Mietz, Wolfgang"]
[Result "0-1"]
[WhiteElo "1875"]
[BlackElo "1714"]
[PlyCount "58"]
[EventDate "2018.??.??"]
[EventType "team-tourn"]
[EventRounds "9"]
[EventCountry "GER"]
[WhiteTeam "SG Neubrandenburg"]
[BlackTeam "SG Neubrandenburg II"]
[WhiteTeamCountry "GER"]
[BlackTeamCountry "GER"]

1. d4 Nf6 2. c4 g6 3. Nc3 Bg7 4. e4 d6 5. f4 O-O 6. Be2 Na6 7. Nf3 c5 8. d5 Re8
9. O-O e6 10. Bd2 Nc7 11. e5 dxe5 12. fxe5 Ng4 13. d6 Na6 14. Bf4 f6 15. exf6
Nxf6 16. Qd2 Rf8 17. Rae1 Nb4 18. Ng5 h6 19. Nf3 Kh7 20. a3 Nc6 21. Bd3 Nh5 22.
Be5 Rxf3 23. Bxg6+ Kxg6 24. Rxf3 Bxe5 25. Qd3+ Kg7 26. Re4 Qg5 27. h4 Qg6 28.
Ne2 Bd7 29. Qd1 Qxe4 0-1

[Event "LLO18/19"]
[Site "Mecklenburg-Vorpommern"]
[Date "2018.11.25"]
[Round "3.6"]
[White "Peters, Hans Joachim"]
[Black "Lichte, Martin"]
[Result "0-1"]
[WhiteElo "1592"]
[BlackElo "1870"]
[PlyCount "48"]
[EventDate "2018.??.??"]
[EventType "team-tourn"]
[EventRounds "9"]
[EventCountry "GER"]
[WhiteTeam "SG Neubrandenburg II"]
[BlackTeam "SG Neubrandenburg"]
[WhiteTeamCountry "GER"]
[BlackTeamCountry "GER"]

1. e4 c5 2. Nc3 e6 3. g3 Nc6 4. Bg2 Nf6 5. d3 d5 6. exd5 exd5 7. Nge2 d4 8. Ne4
Be7 9. O-O O-O 10. Bg5 Nxe4 11. Bxe7 Nxf2 12. Qe1 Nxe7 13. Qxf2 Nd5 14. Bxd5
Qxd5 15. Nf4 Qd6 16. Qf3 Rb8 17. Rae1 b6 18. Qd5 Qxd5 19. Nxd5 Bb7 20. Nc7 Bc6
21. Re7 f6 22. Rfe1 Rf7 23. Kf2 Rxe7 24. Rxe7 Rb7 0-1

[Event "LLO18/19"]
[Site "Mecklenburg-Vorpommern"]
[Date "2018.11.25"]
[Round "3.7"]
[White "Kunow, Frank"]
[Black "Meyer, Detlef"]
[Result "1-0"]
[WhiteElo "1891"]
[BlackElo "1714"]
[PlyCount "111"]
[EventDate "2018.??.??"]
[EventType "team-tourn"]
[EventRounds "9"]
[EventCountry "GER"]
[WhiteTeam "SG Neubrandenburg"]
[BlackTeam "SG Neubrandenburg II"]
[WhiteTeamCountry "GER"]
[BlackTeamCountry "GER"]

1. Nf3 Nf6 2. c4 d5 3. e3 Bg4 4. h3 Bxf3 5. Qxf3 e6 6. b3 Be7 7. Bb2 c6 8. Nc3
Nbd7 9. d4 Qa5 10. a3 dxc4 11. Bxc4 Qh5 12. Qg3 O-O 13. e4 Rfd8 14. O-O Nf8 15.
Rad1 Qg6 16. Qe3 Qh5 17. d5 exd5 18. exd5 Bd6 19. Be2 Qe5 20. Qxe5 Bxe5 21.
dxc6 bxc6 22. Bf3 Rab8 23. b4 Ne6 24. Na4 Bxb2 25. Nxb2 c5 26. Rxd8+ Nxd8 27.
Nd3 cxb4 28. axb4 Ne6 29. Ra1 Nd4 30. Rxa7 Nxf3+ 31. gxf3 Nd5 32. Rd7 Nc3 33.
Ne5 f6 34. Nc6 Rb6 35. Ne7+ Kf8 36. Nf5 Ne2+ 37. Kh2 Rxb4 38. Nxg7 Rb3 39. Kg2
Rb1 40. Ne6+ Ke8 41. Rxh7 Rg1+ 42. Kh2 Rg8 43. f4 Ng1 44. Rg7 Nf3+ 45. Kg3
Rxg7+ 46. Nxg7+ Kf7 47. Kxf3 Kxg7 48. f5 Kg8 49. Ke4 Kf8 50. Kd5 Ke7 51. h4 Kd7
52. h5 Ke7 53. h6 Kf7 54. Kd6 Kf8 55. Ke6 Kg8 56. Kxf6 1-0

[Event "LLO18/19"]
[Site "Mecklenburg-Vorpommern"]
[Date "2018.11.25"]
[Round "3.8"]
[White "Schulz, Ronald"]
[Black "Witkowski, Rainer"]
[Result "0-1"]
[WhiteElo "1527"]
[BlackElo "1819"]
[PlyCount "44"]
[EventDate "2018.??.??"]
[EventType "team-tourn"]
[EventRounds "9"]
[EventCountry "GER"]
[WhiteTeam "SG Neubrandenburg II"]
[BlackTeam "SG Neubrandenburg"]
[WhiteTeamCountry "GER"]
[BlackTeamCountry "GER"]

1. e4 e6 2. d4 d5 3. exd5 exd5 4. Nf3 Bd6 5. c4 c6 6. Nc3 Ne7 7. c5 Bc7 8. b4
O-O 9. Be2 Nd7 10. O-O Nf6 11. Bg5 Ng6 12. a4 h6 13. Be3 Ne4 14. Qc1 f5 15. g3
f4 16. gxf4 Nxf4 17. Bxf4 Bxf4 18. Qc2 Bf5 19. Bd3 Qf6 20. Kh1 Bg4 21. Ng1 Qh4
22. f3 Nd2 0-1

[Event "LLO18/19"]
[Site "Mecklenburg-Vorpommern"]
[Date "2018.11.25"]
[Round "3.1"]
[White "Burwitz, Joerg"]
[Black "Reinke, Thomas"]
[Result "1/2-1/2"]
[WhiteElo "1727"]
[BlackElo "1933"]
[PlyCount "39"]
[EventDate "2018.??.??"]
[EventType "team-tourn"]
[EventRounds "9"]
[EventCountry "GER"]
[WhiteTeam "RUGIA Bergen"]
[BlackTeam "Motor Wolgast"]
[WhiteTeamCountry "GER"]
[BlackTeamCountry "GER"]

1. d4 f5 2. e4 fxe4 3. Nc3 Nf6 4. Bg5 e6 5. Nxe4 Be7 6. Bxf6 Bxf6 7. Nxf6+ Qxf6
8. Nf3 b6 9. Bd3 Bb7 10. Ne5 O-O 11. f3 c5 12. c3 Qg5 13. Qd2 Qxd2+ 14. Kxd2
Rd8 15. dxc5 bxc5 16. Rad1 Nc6 17. Nxc6 Bxc6 18. Rhe1 Kf7 19. Kc2 a5 20. Re3
1/2-1/2

[Event "LLO18/19"]
[Site "Mecklenburg-Vorpommern"]
[Date "2018.11.25"]
[Round "3.2"]
[White "Patzenhauer, Max"]
[Black "Pawlick, Helmut"]
[Result "1-0"]
[WhiteElo "1892"]
[BlackElo "1834"]
[PlyCount "59"]
[EventDate "2018.??.??"]
[EventType "team-tourn"]
[EventRounds "9"]
[EventCountry "GER"]
[WhiteTeam "Motor Wolgast"]
[BlackTeam "RUGIA Bergen"]
[WhiteTeamCountry "GER"]
[BlackTeamCountry "GER"]

1. d4 Nf6 2. Nf3 e6 3. e3 c5 4. Nbd2 cxd4 5. exd4 Nc6 6. c3 d5 7. Bd3 Bd6 8.
O-O Qc7 9. Re1 O-O 10. Nf1 h6 11. Qe2 a6 12. Ne5 Bxe5 13. dxe5 Nd7 14. Bxh6 f5
15. Bf4 Nc5 16. Rad1 Qf7 17. Bc2 b6 18. Nd2 Bb7 19. Nb3 Rad8 20. Nd4 Nxd4 21.
cxd4 Nd7 22. Rd3 Rfe8 23. Rg3 Nf8 24. Bh6 g6 25. Qh5 Qh7 26. Qg5 Rd7 27. Bd1 f4
28. Qxf4 Rf7 29. Qd2 Rf5 30. Bg4 1-0

[Event "LLO18/19"]
[Site "Mecklenburg-Vorpommern"]
[Date "2018.11.25"]
[Round "3.3"]
[White "Tabbert, Dirk"]
[Black "Riebort, Frank"]
[Result "1/2-1/2"]
[WhiteElo "1649"]
[BlackElo "1870"]
[PlyCount "44"]
[EventDate "2018.??.??"]
[EventType "team-tourn"]
[EventRounds "9"]
[EventCountry "GER"]
[WhiteTeam "RUGIA Bergen"]
[BlackTeam "Motor Wolgast"]
[WhiteTeamCountry "GER"]
[BlackTeamCountry "GER"]

1. c4 Nf6 2. Nc3 g6 3. g3 Bg7 4. Bg2 d6 5. e4 O-O 6. Nge2 e5 7. O-O Nc6 8. d3
Nh5 9. f4 Bg4 10. Qb3 exf4 11. Bxf4 Qd7 12. Be3 Rab8 13. Rf2 a6 14. Raf1 b5 15.
cxb5 axb5 16. h3 Be6 17. Nd5 Bxh3 18. Bxh3 Qxh3 19. Rxf7 Kh8 20. Rxf8+ Rxf8 21.
Rxf8+ Bxf8 22. Ndf4 Nxf4 1/2-1/2

[Event "LLO18/19"]
[Site "Mecklenburg-Vorpommern"]
[Date "2018.11.25"]
[Round "3.4"]
[White "Klotzsche, Stefan"]
[Black "Pawlowicz, Karsten"]
[Result "1-0"]
[WhiteElo "1720"]
[BlackElo "1635"]
[PlyCount "81"]
[EventDate "2018.??.??"]
[EventType "team-tourn"]
[EventRounds "9"]
[EventCountry "GER"]
[WhiteTeam "Motor Wolgast"]
[BlackTeam "RUGIA Bergen"]
[WhiteTeamCountry "GER"]
[BlackTeamCountry "GER"]

1. Nf3 Nc6 2. d4 d5 3. g3 g6 4. Bg2 Bg7 5. O-O Nf6 6. b3 O-O 7. Bb2 Ne4 8. Nbd2
Nxd2 9. Qxd2 f6 10. Rac1 e5 11. dxe5 fxe5 12. Rfd1 Be6 13. c4 dxc4 14. Qe3 Qe8
15. bxc4 Qf7 16. Nxe5 Nxe5 17. Bxe5 Bxe5 18. Qxe5 Bxc4 19. Rxc4 Qxf2+ 20. Kh1
c6 21. Bh3 Qf6 22. Qc5 Qb2 23. Re4 Rad8 24. Qc1 Qxc1 25. Rxc1 Rde8 26. Rxe8
Rxe8 27. Rc2 Rd8 28. Kg2 Kf7 29. e4 Kf6 30. Kf3 h5 31. Ke3 Rd1 32. Bc8 Re1+ 33.
Re2 Rb1 34. Kd4 b6 35. e5+ Ke7 36. Rf2 c5+ 37. Kd5 Rd1+ 38. Kc6 c4 39. e6 Rd6+
40. Kc7 Rd5 41. Rf7+ 1-0

[Event "LLO18/19"]
[Site "Mecklenburg-Vorpommern"]
[Date "2018.11.25"]
[Round "3.5"]
[White "Behrens, Christoph"]
[Black "Schellner, Ulf"]
[Result "1/2-1/2"]
[WhiteElo "1621"]
[BlackElo "1647"]
[PlyCount "43"]
[EventDate "2018.??.??"]
[EventType "team-tourn"]
[EventRounds "9"]
[EventCountry "GER"]
[WhiteTeam "RUGIA Bergen"]
[BlackTeam "Motor Wolgast"]
[WhiteTeamCountry "GER"]
[BlackTeamCountry "GER"]

1. e4 d5 2. exd5 Qxd5 3. Nc3 Qd8 4. Nf3 Bg4 5. Be2 e6 6. O-O Nf6 7. Ne5 Bxe2 8.
Qxe2 Be7 9. d3 O-O 10. Bf4 c6 11. Nc4 Nbd7 12. Rfd1 Nb6 13. Nd2 Nbd5 14. Nxd5
Qxd5 15. Nb3 Qf5 16. Be3 Bd6 17. Nd4 Qg6 18. h3 Nd5 19. Nf3 Rad8 20. c4 Nf4 21.
Bxf4 Bxf4 22. Qe4 1/2-1/2

[Event "LLO18/19"]
[Site "Mecklenburg-Vorpommern"]
[Date "2018.11.25"]
[Round "3.6"]
[White "Reimer, Karl"]
[Black "Scheel, Manfred"]
[Result "1-0"]
[WhiteElo "1635"]
[BlackElo "1611"]
[PlyCount "67"]
[EventDate "2018.??.??"]
[EventType "team-tourn"]
[EventRounds "9"]
[EventCountry "GER"]
[WhiteTeam "Motor Wolgast"]
[BlackTeam "RUGIA Bergen"]
[WhiteTeamCountry "GER"]
[BlackTeamCountry "GER"]

1. c4 Nf6 2. Nf3 e6 3. Nc3 Be7 4. g3 c6 5. Bg2 O-O 6. O-O d5 7. cxd5 exd5 8. d4
Be6 9. Qc2 Qc8 10. Bg5 Re8 11. Rac1 Bf5 12. Qb3 Nbd7 13. e3 h6 14. Bf4 Nb6 15.
Nb5 Nh5 16. Bd6 Nc4 17. Bxe7 Rxe7 18. Qb4 Qd7 19. Na3 Nxa3 20. Qxa3 a6 21. Ne5
Qe8 22. g4 f6 23. Nxc6 bxc6 24. gxf5 g6 25. fxg6 Rg7 26. Kh1 Rxg6 27. Rg1 Rg5
28. Bf3 Ng7 29. Rxg5 hxg5 30. Qd6 Qg6 31. Qxc6 Rf8 32. Bxd5+ Kh8 33. Qd6 Re8
34. Qd7 1-0

[Event "LLO18/19"]
[Site "Mecklenburg-Vorpommern"]
[Date "2018.11.25"]
[Round "3.7"]
[White "Jepp, Wolfgang"]
[Black "Zimmermann, Frank"]
[Result "0-1"]
[WhiteElo "1574"]
[BlackElo "1602"]
[PlyCount "120"]
[EventDate "2018.??.??"]
[EventType "team-tourn"]
[EventRounds "9"]
[EventCountry "GER"]
[WhiteTeam "RUGIA Bergen"]
[BlackTeam "Motor Wolgast"]
[WhiteTeamCountry "GER"]
[BlackTeamCountry "GER"]

1. e4 e5 2. Bc4 Nf6 3. d4 Nc6 4. Nf3 d6 5. dxe5 Nxe5 6. Nxe5 dxe5 7. Qxd8+ Kxd8
8. Bg5 Ke7 9. Nc3 c6 10. a4 Be6 11. Bxe6 Kxe6 12. O-O Bb4 13. Bxf6 Kxf6 14. Ne2
Rad8 15. Rad1 Bd2 16. Nc1 Bxc1 17. Rxd8 Rxd8 18. Rxc1 Rd4 19. f3 Rxa4 20. Kf2
Rd4 21. Ke2 Ke6 22. Ra1 a6 23. c3 Rd7 24. Ra3 c5 25. Rb3 b5 26. Ra3 Rd6 27. Ra5
c4 28. Ke1 g6 29. Ke2 f5 30. g3 g5 31. Ra1 h6 32. g4 f4 33. h4 gxh4 34. Rh1 Kd7
35. Rxh4 Kc6 36. Rh5 Re6 37. Rf5 Kc5 38. Rf8 Kb6 39. Rd8 Ka5 40. Kd2 Ka4 41.
Kc2 a5 42. Rd7 b4 43. cxb4 axb4 44. Rd5 Re7 45. Rd8 Kb5 46. Rd5+ Kc6 47. Rd8
Rd7 48. Rc8+ Kb5 49. Re8 Kc5 50. Rxe5+ Kd4 51. Rf5 Ke3 52. Rd5 Rc7 53. Rd6 Kxf3
54. e5 Kxg4 55. Rxh6 Kf5 56. Rf6+ Kxe5 57. Rf8 Ke4 58. Re8+ Kf3 59. Re6 Kf2 60.
Rf6 f3 0-1

[Event "LLO18/19"]
[Site "Mecklenburg-Vorpommern"]
[Date "2018.11.25"]
[Round "3.8"]
[White "Sass, Ralf"]
[Black "Feldt, Horst"]
[Result "1/2-1/2"]
[WhiteElo "1464"]
[BlackElo "1561"]
[PlyCount "47"]
[EventDate "2018.??.??"]
[EventType "team-tourn"]
[EventRounds "9"]
[EventCountry "GER"]
[WhiteTeam "Motor Wolgast"]
[BlackTeam "RUGIA Bergen"]
[WhiteTeamCountry "GER"]
[BlackTeamCountry "GER"]

1. e4 d5 2. exd5 Nf6 3. Nc3 Nxd5 4. Nxd5 Qxd5 5. Qf3 c6 6. Qxd5 cxd5 7. d4 Bf5
8. Bb5+ Nc6 9. c3 e6 10. Ne2 a6 11. Bxc6+ bxc6 12. O-O Bd3 13. Re1 Bxe2 14.
Rxe2 c5 15. Be3 Rc8 16. Rd1 Be7 17. dxc5 Bxc5 18. Rxd5 exd5 19. Bxc5+ Kd7 20.
Be3 Rhe8 21. Kf1 Re6 22. Rd2 Kc6 23. g3 Rce8 24. a4 1/2-1/2

[Event "LLO18/19"]
[Site "Mecklenburg-Vorpommern"]
[Date "2018.11.25"]
[Round "3.1"]
[White "Morejko, Wojciech"]
[Black "Schamber, Dennis"]
[Result "1/2-1/2"]
[WhiteElo "1737"]
[BlackElo "1770"]
[PlyCount "117"]
[EventDate "2018.??.??"]
[EventType "team-tourn"]
[EventRounds "9"]
[EventCountry "GER"]
[WhiteTeam "Ribnitz-Damgarten"]
[BlackTeam "Makkabi Rostock"]
[WhiteTeamCountry "GER"]
[BlackTeamCountry "GER"]

1. d4 Nf6 2. c4 g6 3. g3 Bg7 4. Bg2 O-O 5. Nf3 d6 6. O-O Nbd7 7. Qc2 c5 8. Rd1
cxd4 9. Nxd4 a6 10. Nc3 Qc7 11. b3 Rb8 12. Bb2 Ne5 13. Rac1 Nc6 14. Nxc6 bxc6
15. Na4 Bh6 16. e3 Bg4 17. Re1 Bg7 18. f3 Be6 19. e4 Nd7 20. Bxg7 Kxg7 21. Qf2
Qa5 22. f4 Rb4 23. Bf1 Re8 24. Qd4+ Kg8 25. Qc3 Rxa4 26. bxa4 Qxa4 27. Rcd1 Rb8
28. f5 gxf5 29. exf5 Bxf5 30. Qf3 Be6 31. Qf4 Qa5 32. Bd3 Ne5 33. Bb1 Ng6 34.
Qh6 Bg4 35. Rc1 Qc5+ 36. Qe3 Qxe3+ 37. Rxe3 Ne5 38. Rb3 Rxb3 39. axb3 c5 40.
Be4 Nf3+ 41. Bxf3 Bxf3 42. Ra1 Bb7 43. Kf2 Kg7 44. Ke3 f5 45. Ra2 Kf6 46. Rd2
h6 47. Re2 h5 48. Rd2 Ke5 49. Kd3 e6 50. Kc3 d5 51. cxd5 exd5 52. Re2+ Kd6 53.
Re8 d4+ 54. Kb2 Bf3 55. Rf8 Ke5 56. Rc8 Kd6 57. Rd8+ Kc7 58. Rf8 Bg4 59. Rf6
1/2-1/2

[Event "LLO18/19"]
[Site "Mecklenburg-Vorpommern"]
[Date "2018.11.25"]
[Round "3.2"]
[White "Markovych, Illya"]
[Black "Eckermann, Klaus"]
[Result "1-0"]
[WhiteElo "1899"]
[BlackElo "1743"]
[PlyCount "59"]
[EventDate "2018.??.??"]
[EventType "team-tourn"]
[EventRounds "9"]
[EventCountry "GER"]
[WhiteTeam "Makkabi Rostock"]
[BlackTeam "Ribnitz-Damgarten"]
[WhiteTeamCountry "GER"]
[BlackTeamCountry "GER"]

1. e4 e6 2. d4 d5 3. e5 c5 4. c3 Nc6 5. Nf3 Qb6 6. a3 c4 7. Be2 Na5 8. Nbd2 Bd7
9. O-O Ne7 10. Ne1 Ng6 11. f4 Be7 12. g3 O-O 13. Ng2 Rfe8 14. Bf3 Bf8 15. Kh1
Ne7 16. Ne3 g6 17. g4 h6 18. Bg2 Nb3 19. Rb1 Ba4 20. Qf3 Nxd2 21. Bxd2 Rad8 22.
Be1 Bg7 23. Bh4 Rd7 24. Rf2 Kh7 25. Rbf1 Ng8 26. f5 g5 27. Bg3 Bc6 28. f6 Bf8
29. h4 Kg6 30. Nxc4 1-0

[Event "LLO18/19"]
[Site "Mecklenburg-Vorpommern"]
[Date "2018.11.25"]
[Round "3.4"]
[White "Petrow, Jonas"]
[Black "Dittschlag, Lothar"]
[Result "1-0"]
[WhiteElo "1611"]
[BlackElo "1630"]
[PlyCount "75"]
[EventDate "2018.??.??"]
[EventType "team-tourn"]
[EventRounds "9"]
[EventCountry "GER"]
[WhiteTeam "Makkabi Rostock"]
[BlackTeam "Ribnitz-Damgarten"]
[WhiteTeamCountry "GER"]
[BlackTeamCountry "GER"]

1. d4 Nf6 2. c4 e6 3. Nf3 d5 4. Nc3 Bb4 5. Bf4 O-O 6. e3 Nc6 7. Qc2 h6 8. a3
Bxc3+ 9. Qxc3 Ne4 10. Qc2 Bd7 11. Bd3 f5 12. h3 Rc8 13. b4 Ne7 14. c5 Qe8 15.
a4 Ng6 16. O-O Nxf4 17. exf4 c6 18. Ne5 Rc7 19. Rfb1 a6 20. Rb2 Qc8 21. Ra3 Be8
22. Rab3 Qd8 23. b5 cxb5 24. axb5 b6 25. Bxe4 fxe4 26. c6 a5 27. g3 h5 28. Qd2
h4 29. Qe3 Qf6 30. Rd2 Qf5 31. Kh2 g6 32. Rc3 Rh7 33. g4 Qxf4+ 34. Qxf4 Rxf4
35. c7 Rxc7 36. Rxc7 Bxb5 37. Rc8+ Kg7 38. Rdc2 1-0

[Event "LLO18/19"]
[Site "Mecklenburg-Vorpommern"]
[Date "2018.11.25"]
[Round "3.5"]
[White "Klugmann, Horst"]
[Black "Roeste, Stein"]
[Result "1-0"]
[WhiteElo "1631"]
[BlackElo "1538"]
[PlyCount "41"]
[EventDate "2018.??.??"]
[EventType "team-tourn"]
[EventRounds "9"]
[EventCountry "GER"]
[WhiteTeam "Ribnitz-Damgarten"]
[BlackTeam "Makkabi Rostock"]
[WhiteTeamCountry "GER"]
[BlackTeamCountry "GER"]

1. d4 d5 2. c4 c6 3. Nf3 Nf6 4. e3 Bg4 5. h3 Bh5 6. Nc3 e6 7. a3 a6 8. Be2 Be7
9. O-O Nbd7 10. Bd2 O-O 11. c5 h6 12. b4 Nh7 13. Ne5 Bxe2 14. Qxe2 Nxe5 15.
dxe5 b5 16. Qg4 f5 17. Qg6 Qd7 18. Ne2 Rf7 19. Nd4 Nf8 20. Qh5 Kh7 21. Qxf7 1-0

[Event "LLO18/19"]
[Site "Mecklenburg-Vorpommern"]
[Date "2018.11.25"]
[Round "3.6"]
[White "Elsken Sicard, Fabian"]
[Black "Wehrmann, Horst"]
[Result "1-0"]
[WhiteElo "1511"]
[BlackElo "1620"]
[PlyCount "91"]
[EventDate "2018.??.??"]
[EventType "team-tourn"]
[EventRounds "9"]
[EventCountry "GER"]
[WhiteTeam "Makkabi Rostock"]
[BlackTeam "Ribnitz-Damgarten"]
[WhiteTeamCountry "GER"]
[BlackTeamCountry "GER"]

1. d4 d5 2. c4 e6 3. Nc3 Nf6 4. Bf4 Bd6 5. Bxd6 Qxd6 6. e3 c6 7. Qc2 O-O 8. Nf3
Nbd7 9. cxd5 exd5 10. Rc1 Re8 11. Bd3 h6 12. O-O Qe7 13. Nd2 Nf8 14. Na4 N8d7
15. Nc5 Nxc5 16. Qxc5 Qxc5 17. Rxc5 Bd7 18. b4 b6 19. Rc2 a5 20. bxa5 Rxa5 21.
Rb2 Rea8 22. Bb1 Rb8 23. Rc1 Ne8 24. Nb3 Raa8 25. e4 Nc7 26. exd5 Nxd5 27. Nd2
Ra4 28. Nf3 f6 29. Bc2 Rb4 30. Bb3 Kf8 31. Rcc2 g5 32. a3 Rb5 33. Nd2 Ra8 34.
Nc4 Ne7 35. Nd6 Rba5 36. Nc4 R5a6 37. h3 b5 38. Ne3 Rxa3 39. d5 cxd5 40. Bxd5
Nxd5 41. Nxd5 R8a6 42. Rc7 Be8 43. Re2 Ra1+ 44. Kh2 R1a2 45. Ree7 Ra8 46. Rh7
1-0

[Event "LLO18/19"]
[Site "Mecklenburg-Vorpommern"]
[Date "2018.11.25"]
[Round "3.7"]
[White "Zierke, Udo"]
[Black "Tovmasyan, Minas"]
[Result "0-1"]
[WhiteElo "1624"]
[BlackElo "1518"]
[PlyCount "96"]
[EventDate "2018.??.??"]
[EventType "team-tourn"]
[EventRounds "9"]
[EventCountry "GER"]
[WhiteTeam "Ribnitz-Damgarten"]
[BlackTeam "Makkabi Rostock"]
[WhiteTeamCountry "GER"]
[BlackTeamCountry "GER"]

1. e4 c5 2. Nf3 e6 3. d4 cxd4 4. Nxd4 a6 5. Bc4 Qc7 6. Bb3 Nf6 7. Qf3 Qe5 8. c3
Qxe4+ 9. Qxe4 Nxe4 10. Bc2 Nf6 11. Bg5 Be7 12. Nd2 d5 13. N2f3 Nbd7 14. O-O O-O
15. Rfe1 Re8 16. h3 Nc5 17. Rad1 b5 18. Ne5 Bb7 19. f3 Rac8 20. Kf1 Nfd7 21.
Bxe7 Rxe7 22. a3 Nb6 23. f4 Nc4 24. Nxc4 bxc4 25. Re3 Bc6 26. Rde1 g6 27. g4
Bd7 28. b4 cxb3 29. Bxb3 Ne4 30. Kg2 Rxc3 31. Rxc3 Nxc3 32. Re3 Ne4 33. Bc2 f5
34. Bxe4 fxe4 35. Rc3 Bb5 36. Rc5 Bc4 37. Rc6 Kf7 38. g5 Bb5 39. Rb6 Bc4 40.
Kf2 Bd3 41. h4 Re8 42. Rb7+ Re7 43. Rb6 Rc7 44. Rxe6 Rc4 45. Rf6+ Ke8 46. Ne6
d4 47. Ng7+ Ke7 48. Ne6 e3+ 0-1

[Event "LLO18/19"]
[Site "Mecklenburg-Vorpommern"]
[Date "2018.11.25"]
[Round "3.8"]
[White "Roeste, Hugo"]
[Black "Claus, Jens"]
[Result "1/2-1/2"]
[WhiteElo "1439"]
[BlackElo "1566"]
[PlyCount "80"]
[EventDate "2018.??.??"]
[EventType "team-tourn"]
[EventRounds "9"]
[EventCountry "GER"]
[WhiteTeam "Makkabi Rostock"]
[BlackTeam "Ribnitz-Damgarten"]
[WhiteTeamCountry "GER"]
[BlackTeamCountry "GER"]

1. d4 d5 2. c4 c6 3. Nf3 Nf6 4. Nc3 e6 5. Bg5 h6 6. Bh4 Be7 7. e3 O-O 8. Bd3
dxc4 9. Bxc4 b5 10. Bd3 a6 11. a3 Bb7 12. b4 Nbd7 13. O-O a5 14. Qb3 g5 15. Bg3
Nh5 16. Rfc1 Nxg3 17. fxg3 g4 18. Nd2 Bg5 19. Re1 Nf6 20. Nce4 Nxe4 21. Nxe4
Be7 22. Bc2 Bc8 23. Qd3 f5 24. Nc5 Kg7 25. Qc3 Bd7 26. Rac1 axb4 27. axb4 Qc7
28. Bd3 Qc8 29. Nxd7 Qxd7 30. Qxc6 Qxc6 31. Rxc6 Kf7 32. Bxb5 Bxb4 33. Rd1 Rfc8
34. d5 exd5 35. Rxd5 Ra1+ 36. Kf2 Rxc6 37. Bxc6 Ra2+ 38. Kf1 Ra1+ 39. Ke2 Ke6
40. Rd1 Ra2+ 1/2-1/2

[Event "LLO18/19"]
[Site "Mecklenburg-Vorpommern"]
[Date "2018.12.16"]
[Round "4.1"]
[White "Morejko, Wojciech"]
[Black "Greinert, Timo"]
[Result "1/2-1/2"]
[WhiteElo "1737"]
[BlackElo "1827"]
[PlyCount "22"]
[EventDate "2018.??.??"]
[EventType "team-tourn"]
[EventRounds "9"]
[EventCountry "GER"]
[WhiteTeam "Ribnitz-Damgarten"]
[BlackTeam "SAV Torgelow II"]
[WhiteTeamCountry "GER"]
[BlackTeamCountry "GER"]

1. d4 d5 2. c4 c6 3. Nf3 Nf6 4. g3 e6 5. Bg2 Nbd7 6. O-O dxc4 7. a4 Be7 8. Qc2
O-O 9. Qxc4 Nb6 10. Qc2 Bd7 11. Qb3 Rb8 1/2-1/2

[Event "LLO18/19"]
[Site "Mecklenburg-Vorpommern"]
[Date "2018.12.16"]
[Round "4.2"]
[White "Kilp, Gunnar"]
[Black "Dittschlag, Lothar"]
[Result "*"]
[WhiteElo "1677"]
[BlackElo "1630"]
[PlyCount "57"]
[EventDate "2018.??.??"]
[EventType "team-tourn"]
[EventRounds "9"]
[EventCountry "GER"]
[WhiteTeam "SAV Torgelow II"]
[BlackTeam "Ribnitz-Damgarten"]
[WhiteTeamCountry "GER"]
[BlackTeamCountry "GER"]

1. d4 Nf6 2. Nf3 e6 3. Bf4 d6 4. e3 Be7 5. c4 Nc6 6. Nc3 O-O 7. Be2 a6 8. O-O
Bd7 9. d5 Nb8 10. e4 e5 11. Bg5 Bg4 12. Nd2 Bxe2 13. Nxe2 Nbd7 14. Bxf6 Bxf6
15. f4 exf4 16. Nxf4 Bxb2 17. Rb1 Bd4+ 18. Kh1 Rb8 19. Nf3 Be5 20. Nd3 Qe7 21.
Qc2 b6 22. Nb4 Ra8 23. Nc6 Qe8 24. a4 a5 25. Rf2 Nc5 26. Nfxe5 dxe5 27. Rbf1 f6
28. h3 Nd7 29. Rf5 *